000 00258nam a22001217a 4500
008 170718b xxu||||| |||| 00| 0 eng d
041 _aeng
080 _22ND
_a2
100 _a24
101 _aTEO
245 _aGOOD NEWS BIBLE
_cNELSON, TH
942 _2udc
_cBK
999 _c21445
_d21445